000 00627nam a2200205 a 4500
005 20140723110432.0
008 140723b xxu||||| |||| 00| 0 spa d
020 _a9789589243572
041 _aspa
082 0 4 _a635.977
_bE77f
090 _aLB
_b05737
100 _aEsquivel, Hector Eduardo
_99194
245 _aFlora arbòrea de la ciudad de Ibaguè
260 _aTolima
_bUniversidad del Tolima
_bCortolima
_bToli Herbario
_c2009
300 _a643 p.
650 4 _aArboles
_x Identificación
_zIbagué (Colombia)
_925066
650 4 _aArboles urbanos
_zIbagué (Colombia)
_925067
942 _cLIBRO
_2ddc
945 _d2010-09-06
999 _c7286
_d7286